[Event "Copenhagen Chess Challenge 2010"]
[Site "Ballerup"]
[Date "2010.??.??"]
[Round "7"]
[White "Skytte, Rasmus"]
[Black "Thestrup, Sixten"]
[Result "1-0"]
[WhiteElo "2386"]
[BlackElo "1930"]
[PlyCount "63"]
[EventDate "2010.??.??"]
[EventType "swiss"]
[EventRounds "9"]
[EventCountry "DEN"]

1. e4 e5 2. Bc4 Nf6 3. Nc3 Bc5 4. d3 O-O 5. Bg5 d6 6. Qf3 c6 7. Nge2 b5 8. Bb3
Nbd7 9. Ng3 h6 10. h4 Nb6 11. Nf5 Bxf5 12. Qxf5 Qd7 13. Qxd7 Nbxd7 14. Bd2 Bd4
15. Nd1 a5 16. c3 Bb6 17. Ne3 g6 18. f3 a4 19. Bc2 a3 20. b3 d5 21. Nf1 Kg7 22.
g4 h5 23. g5 Ne8 24. b4 Nd6 25. Bb3 d4 26. Rc1 Rac8 27. Ke2 c5 28. cxd4 c4 29.
dxc4 Nxc4 30. Bxc4 bxc4 31. Ne3 exd4 32. Nxc4 1-0

[Event "Copenhagen Chess Challenge 2010"]
[Site "Ballerup"]
[Date "2010.??.??"]
[Round "7"]
[White "De Verdier, Michael"]
[Black "Eriksson, Christian Altenburg"]
[Result "1-0"]
[WhiteElo "2286"]
[BlackElo "2155"]
[PlyCount "43"]
[EventDate "2010.??.??"]
[EventType "swiss"]
[EventRounds "9"]
[EventCountry "DEN"]

1. d4 d5 2. Nf3 Nf6 3. c4 dxc4 4. e3 e6 5. Bxc4 c5 6. O-O a6 7. Bb3 b5 8. a4 b4
9. e4 Bb7 10. e5 Ne4 11. Be3 cxd4 12. Nxd4 Be7 13. Qg4 g6 14. Rd1 Qc7 15. Nxe6
fxe6 16. Qxe6 Rf8 17. Bb6 Qc8 18. Rd8+ Qxd8 19. Bxd8 Kxd8 20. Qb6+ Ke8 21. Qxb7
Nxf2 22. Qxa8 1-0

[Event "Copenhagen Chess Challenge 2010"]
[Site "Ballerup"]
[Date "2010.??.??"]
[Round "7"]
[White "Stigar, Petter"]
[Black "Akdag, Dara Sevkan"]
[Result "1-0"]
[WhiteElo "2281"]
[BlackElo "2171"]
[PlyCount "85"]
[EventDate "2010.??.??"]
[EventType "swiss"]
[EventRounds "9"]
[EventCountry "DEN"]

1. Nf3 Nf6 2. c4 g6 3. Nc3 Bg7 4. e4 d6 5. d4 O-O 6. h3 c5 7. d5 e6 8. Bd3 exd5
9. exd5 Re8+ 10. Be3 Nfd7 11. O-O Na6 12. Qd2 Ne5 13. Nxe5 Bxe5 14. a3 Bd7 15.
Rfe1 Qc8 16. Bf4 Bf5 17. Bxe5 dxe5 18. Bxf5 Qxf5 19. Ne4 Rad8 20. Qh6 Re7 21.
Qh4 g5 22. Nxg5 f6 23. Ne4 Rf8 24. Re3 Rg7 25. Rae1 Nc7 26. Rg3 b6 27. Rxg7+
Kxg7 28. Re3 Ne8 29. Rf3 Qd7 30. Ng3 Kh8 31. Nf5 Rg8 32. Qe4 Rg5 33. h4 Rg8 34.
g3 Rg6 35. d6 Rg8 36. Rd3 Ng7 37. Nxg7 Rxg7 38. b4 Rg8 39. bxc5 bxc5 40. Qd5
Rc8 41. Rb3 Rd8 42. Rb7 Qh3 43. Qf7 1-0

[Event "Copenhagen Chess Challenge 2010"]
[Site "Ballerup"]
[Date "2010.??.??"]
[Round "7"]
[White "Grove, Peter"]
[Black "Skousen, Nikolai"]
[Result "1/2-1/2"]
[WhiteElo "2124"]
[BlackElo "2317"]
[PlyCount "38"]
[EventDate "2010.??.??"]
[EventType "swiss"]
[EventRounds "9"]
[EventCountry "DEN"]

1. f4 g6 2. Nf3 Bg7 3. e3 d5 4. Be2 c5 5. O-O Nc6 6. d3 Nf6 7. Qe1 Bg4 8. Ne5
Bxe2 9. Nxc6 Qc7 10. Qxe2 Qxc6 11. Nd2 O-O 12. e4 dxe4 13. dxe4 Rad8 14. e5 Nd5
15. Nf3 Rd7 16. Bd2 Rfd8 17. Rae1 e6 18. Ng5 c4 19. Qf2 Qb6 1/2-1/2

[Event "Copenhagen Chess Challenge 2010"]
[Site "Ballerup"]
[Date "2010.??.??"]
[Round "7"]
[White "Rosenkilde, Alexander"]
[Black "Kallen, Jonas"]
[Result "1-0"]
[WhiteElo "2207"]
[BlackElo "1893"]
[PlyCount "53"]
[EventDate "2010.??.??"]
[EventType "swiss"]
[EventRounds "9"]
[EventCountry "DEN"]

1. d4 d5 2. c4 c6 3. Nf3 Nf6 4. e3 Bf5 5. Nc3 e6 6. Nh4 Bg6 7. Qb3 Qb6 8. Nxg6
hxg6 9. Bd2 Nbd7 10. Qc2 Be7 11. Be2 Qc7 12. h3 O-O-O 13. O-O-O Kb8 14. Kb1 Nb6
15. c5 Nbd7 16. b4 b5 17. a4 a6 18. Kb2 Kb7 19. Ra1 Ra8 20. Ra3 a5 21. bxa5
Rxa5 22. Nxb5 cxb5 23. Bxa5 Qxa5 24. axb5 Qd8 25. Rha1 Kc8 26. b6 Nb8 27. Ra8
1-0

[Event "Copenhagen Chess Challenge 2010"]
[Site "Ballerup"]
[Date "2010.??.??"]
[Round "7"]
[White "Johansson, Anders"]
[Black "Nguyen, Michael"]
[Result "1-0"]
[WhiteElo "2071"]
[BlackElo "2187"]
[PlyCount "73"]
[EventDate "2010.??.??"]
[EventType "swiss"]
[EventRounds "9"]
[EventCountry "DEN"]

1. Nf3 Nf6 2. c4 e6 3. g3 b6 4. Bg2 Bb7 5. O-O Be7 6. d4 O-O 7. d5 exd5 8. Nh4
c6 9. cxd5 Nxd5 10. Nf5 Nc7 11. e4 d5 12. Re1 Re8 13. Nc3 Bf8 14. Qg4 Kh8 15.
b4 Nd7 16. b5 dxe4 17. Nxe4 Re6 18. Bb2 Rg6 19. Qh3 Kg8 20. Rad1 Nd5 21. Ned6
Bxd6 22. bxc6 Nf4 23. gxf4 Bxc6 24. Ng3 Rh6 25. Qg4 Rg6 26. Qh3 Rh6 27. Qxh6
gxh6 28. Bxc6 Bf8 29. Bxa8 Qc7 30. Nh5 Qc2 31. Rxd7 Qxb2 32. Rd8 Qb5 33. Bf3
Qf5 34. Ree8 Qg6+ 35. Kf1 Qb1+ 36. Kg2 Qg6+ 37. Kh3 1-0

[Event "Copenhagen Chess Challenge 2010"]
[Site "Ballerup"]
[Date "2010.??.??"]
[Round "7"]
[White "Vesterli, Michael E"]
[Black "Brondum, Eric"]
[Result "1-0"]
[WhiteElo "1795"]
[BlackElo "2135"]
[PlyCount "51"]
[EventDate "2010.??.??"]
[EventType "swiss"]
[EventRounds "9"]
[EventCountry "DEN"]

1. d4 Nf6 2. c4 e5 3. dxe5 Ng4 4. e6 fxe6 5. e3 Nf6 6. Nf3 Nc6 7. Be2 b6 8. O-O
Bb7 9. Nc3 Be7 10. b3 O-O 11. Bb2 Qe8 12. Qd2 Qg6 13. Rad1 Ne5 14. Ne1 a6 15.
Nd5 exd5 16. Bxe5 Ne4 17. Qc2 d6 18. Bb2 Bf6 19. cxd5 Ng3 20. Bd3 Qf7 21. hxg3
Bxb2 22. Qxb2 Bxd5 23. Qd4 b5 24. Qxd5 Qxd5 25. Bxh7+ Kxh7 26. Rxd5 1-0

[Event "Copenhagen Chess Challenge 2010"]
[Site "Ballerup"]
[Date "2010.??.??"]
[Round "7"]
[White "Nilssen, John Arni"]
[Black "Pallesen, Jacob"]
[Result "1-0"]
[WhiteElo "2372"]
[BlackElo "2028"]
[PlyCount "47"]
[EventDate "2010.??.??"]
[EventType "swiss"]
[EventRounds "9"]
[EventCountry "DEN"]

1. d4 Nf6 2. c4 e6 3. g3 d5 4. Bg2 c6 5. Qc2 Bd6 6. Nf3 O-O 7. O-O Nbd7 8. Rd1
Ne4 9. b3 Qe7 10. e3 f5 11. Bb2 Ndf6 12. Ne5 Bd7 13. f3 Ng5 14. Nd2 Be8 15. a3
Nd7 16. b4 Nxe5 17. dxe5 Bc7 18. Bd4 Bg6 19. f4 Ne4 20. Nxe4 fxe4 21. Bc5 Qf7
22. Bxf8 Rxf8 23. g4 Bb6 24. c5 1-0

[Event "Copenhagen Chess Challenge 2010"]
[Site "Ballerup"]
[Date "2010.??.??"]
[Round "7"]
[White "Schmidt, Tommy B"]
[Black "Frank Nielsen, Marie"]
[Result "1-0"]
[WhiteElo "2203"]
[BlackElo "1992"]
[PlyCount "73"]
[EventDate "2010.??.??"]
[EventType "swiss"]
[EventRounds "9"]
[EventCountry "DEN"]

1. d4 Nf6 2. c4 d6 3. Nf3 Nbd7 4. Nc3 e5 5. g3 Be7 6. Bg2 O-O 7. O-O c6 8. e4
Qc7 9. h3 Rd8 10. Be3 Nf8 11. Rc1 Ne6 12. d5 Nc5 13. Qc2 a5 14. b3 g6 15. Nd2
Nh5 16. Qd1 Bd7 17. Kh2 Ng7 18. Rb1 f5 19. exf5 Nxf5 20. Bxc5 dxc5 21. Nde4 Nd4
22. Qd2 b5 23. cxb5 cxb5 24. d6 Bxd6 25. Nd5 Qb8 26. Qh6 Bf8 27. Ndf6+ Kf7 28.
Qxh7+ Bg7 29. Nxd7 Rxd7 30. Ng5+ Kf6 31. Ne4+ Kf7 32. Nxc5 Rd8 33. f4 exf4 34.
Rxf4+ Nf5 35. Rbf1 Rd6 36. Rxf5+ gxf5 37. Rxf5+ 1-0

[Event "Copenhagen Chess Challenge 2010"]
[Site "Ballerup"]
[Date "2010.??.??"]
[Round "7"]
[White "Hvenekilde, Jorgen"]
[Black "Kokholm, Daniel"]
[Result "1-0"]
[WhiteElo "2128"]
[BlackElo "1962"]
[PlyCount "53"]
[EventDate "2010.??.??"]
[EventType "swiss"]
[EventRounds "9"]
[EventCountry "DEN"]

1. d4 Nc6 2. g3 d5 3. Bg2 Bf5 4. Nf3 Qd7 5. O-O O-O-O 6. c3 f6 7. b4 Re8 8. b5
Nd8 9. a4 Bh3 10. Qb3 Bxg2 11. Kxg2 g5 12. a5 e6 13. Ba3 Bxa3 14. Nxa3 Ne7 15.
Ne1 e5 16. Nd3 Qd6 17. e3 h5 18. b6 a6 19. bxc7 Qxc7 20. c4 dxc4 21. Nxc4 exd4
22. Rfc1 Nec6 23. exd4 Kb8 24. d5 Na7 25. Nb6 Qd6 26. Nc5 h4 27. Ncd7+ 1-0

[Event "Copenhagen Chess Challenge 2010"]
[Site "Ballerup"]
[Date "2010.??.??"]
[Round "7"]
[White "Olsen, Aage"]
[Black "Skjoldager, Mikael"]
[Result "1/2-1/2"]
[WhiteElo "2095"]
[BlackElo "1958"]
[PlyCount "49"]
[EventDate "2010.??.??"]
[EventType "swiss"]
[EventRounds "9"]
[EventCountry "DEN"]

1. e4 c5 2. d4 cxd4 3. c3 dxc3 4. Nxc3 Nc6 5. Nf3 d6 6. Bc4 Bg4 7. Bxf7+ Kxf7
8. Ng5+ Ke8 9. Qxg4 Ne5 10. Qe2 h6 11. Ne6 Qd7 12. Nd4 Nf6 13. O-O g5 14. f4
gxf4 15. Bxf4 Ng6 16. Nd5 Bg7 17. Rad1 Nxd5 18. exd5 Bxd4+ 19. Rxd4 Nxf4 20.
Rdxf4 Rc8 21. Qd3 Kd8 22. Qd4 Rg8 23. Qxa7 Qb5 24. Qd4 Qc5 25. Rd1 1/2-1/2

[Event "Copenhagen Chess Challenge 2010"]
[Site "Ballerup"]
[Date "2010.??.??"]
[Round "7"]
[White "Andersen, Rune Egede"]
[Black "Tandrup, Michael"]
[Result "1-0"]
[WhiteElo "2073"]
[BlackElo "1954"]
[PlyCount "59"]
[EventDate "2010.??.??"]
[EventType "swiss"]
[EventRounds "9"]
[EventCountry "DEN"]

1. e4 d5 2. exd5 Qxd5 3. Nf3 Nf6 4. d4 Bg4 5. Be2 e6 6. h3 Bh5 7. c4 Bb4+ 8.
Nc3 Qa5 9. Bd2 c6 10. O-O Qc7 11. d5 exd5 12. cxd5 O-O 13. Rc1 Bxc3 14. Bxc3
Nxd5 15. Bxg7 Rd8 16. Be5 Qe7 17. Qd4 f6 18. Bxb8 Raxb8 19. Rfe1 Qg7 20. Nh4
Bxe2 21. Rxe2 Qg5 22. Rc4 b5 23. Re4 Ne3 24. Rc5 Nf5 25. Qc3 Qxh4 26. Rxh4 Nxh4
27. Qxf6 Ng6 28. h4 Rf8 29. Qe6+ Kg7 30. h5 1-0

[Event "Copenhagen Chess Challenge 2010"]
[Site "Ballerup"]
[Date "2010.??.??"]
[Round "7"]
[White "Peschardt, Soren"]
[Black "Hansen, Rasmus Agertoft"]
[Result "0-1"]
[WhiteElo "2069"]
[BlackElo "1947"]
[PlyCount "78"]
[EventDate "2010.??.??"]
[EventType "swiss"]
[EventRounds "9"]
[EventCountry "DEN"]

1. d4 Nf6 2. Nf3 g6 3. g3 Bg7 4. Bg2 O-O 5. O-O d6 6. Nc3 Na6 7. Bg5 h6 8. Bxf6
Bxf6 9. Qd2 Bg7 10. Rad1 c6 11. a3 Nc7 12. e4 Be6 13. Ne2 Kh7 14. h3 Qc8 15.
Nf4 Bd7 16. Kh2 Ne6 17. Nxe6 Bxe6 18. Nh4 Bf6 19. Nf3 Rd8 20. b3 b5 21. Qe3 Qa6
22. b4 Qa4 23. e5 Bg7 24. Rd2 a5 25. exd6 exd6 26. bxa5 Qxa5 27. Nh4 Re8 28.
Nf3 Bc4 29. Qf4 Bxf1 30. Bxf1 d5 31. Bd3 Ra7 32. h4 Re6 33. h5 Rf6 34. hxg6+
fxg6 35. Qg4 Raf7 36. Re2 Qd8 37. Qh4 Rd6 38. Qh5 Rf8 39. Nh4 Qg5 0-1

[Event "Copenhagen Chess Challenge 2010"]
[Site "Ballerup"]
[Date "2010.??.??"]
[Round "7"]
[White "Langmyhr, Tore"]
[Black "Rostgaard, Tobias Valentin"]
[Result "0-1"]
[WhiteElo "1991"]
[BlackElo "2037"]
[PlyCount "58"]
[EventDate "2010.??.??"]
[EventType "swiss"]
[EventRounds "9"]
[EventCountry "DEN"]

1. c4 Nf6 2. Nc3 c5 3. g3 Nc6 4. Bg2 g6 5. Nf3 Bg7 6. d4 cxd4 7. Nxd4 O-O 8.
O-O Nxd4 9. Qxd4 d6 10. Qd3 Rb8 11. Bd2 Bd7 12. Rac1 a6 13. b3 b5 14. cxb5 axb5
15. Rfe1 b4 16. Nd5 Nxd5 17. Qxd5 Qb6 18. Rc2 e6 19. Qf3 d5 20. Rec1 Rfc8 21.
h4 h5 22. Bg5 Qd4 23. e3 Qd3 24. Rxc8+ Rxc8 25. Rxc8+ Bxc8 26. Be7 Qb1+ 27. Kh2
Qxa2 28. Bxb4 Qxb3 29. Be7 Qc3 0-1

[Event "Copenhagen Chess Challenge 2010"]
[Site "Ballerup"]
[Date "2010.??.??"]
[Round "7"]
[White "Haubro, Martin"]
[Black "Andersen, Daniel"]
[Result "1-0"]
[WhiteElo "1907"]
[BlackElo "1948"]
[PlyCount "77"]
[EventDate "2010.??.??"]
[EventType "swiss"]
[EventRounds "9"]
[EventCountry "DEN"]

1. e4 e6 2. d4 d5 3. Nc3 Bb4 4. e5 c5 5. a3 Bxc3+ 6. bxc3 Qa5 7. Bd2 Qa4 8. Qg4
g6 9. Nf3 Nc6 10. Be2 Bd7 11. Qh4 Nge7 12. Qf6 O-O-O 13. dxc5 Qxc2 14. O-O h6
15. c4 g5 16. Rfd1 g4 17. Ne1 Qe4 18. Kf1 Qxe5 19. Qxe5 Nxe5 20. Bc3 f6 21.
Bxe5 fxe5 22. Bxg4 d4 23. Nf3 h5 24. Bh3 Ng6 25. Ng5 Nf4 26. Nf7 Nxh3 27. Nxh8
Rxh8 28. gxh3 Bc6 29. Ke2 Rf8 30. Rg1 Bf3+ 31. Kd2 Be4 32. Raf1 Kc7 33. Rg5 Bf5
34. f3 Kc6 35. Re1 Kxc5 36. Rxe5+ Kxc4 37. Rg7 d3 38. Rxb7 Kd4 39. Ra5 1-0

[Event "Copenhagen Chess Challenge 2010"]
[Site "Ballerup"]
[Date "2010.??.??"]
[Round "7"]
[White "Schmidt, Horst Hubert"]
[Black "Lofberg, Jan"]
[Result "1-0"]
[WhiteElo "1873"]
[BlackElo "1937"]
[PlyCount "91"]
[EventDate "2010.??.??"]
[EventType "swiss"]
[EventRounds "9"]
[EventCountry "DEN"]

1. e4 c5 2. g3 Nc6 3. Bg2 d6 4. Ne2 g6 5. Nbc3 Bg7 6. d3 Rb8 7. a4 a6 8. O-O b5
9. axb5 axb5 10. h3 Bd7 11. Kh2 h5 12. f4 h4 13. g4 Nf6 14. Nd5 Nxg4+ 15. hxg4
Bxg4 16. Ne3 Qd7 17. Nxg4 Qxg4 18. c3 h3 19. Bf3 Qh4 20. Be3 Ne5 21. d4 Nc4 22.
Bf2 Qh6 23. b3 cxd4 24. cxd4 Nb6 25. Qd3 Nd7 26. e5 dxe5 27. dxe5 Nxe5 28. fxe5
O-O 29. Bg3 Rfd8 30. Qe4 Qd2 31. Bf4 Qb2 32. Rab1 Qa3 33. Kxh3 Rbc8 34. Nd4 Rc5
35. Rfe1 Rcd5 36. Nc6 R8d7 37. b4 Rd3 38. Re3 Rxe3 39. Bxe3 Qa2 40. Rc1 Qe6+
41. Kg2 Qb3 42. Nd4 Qa2+ 43. Kg3 f5 44. exf6 Bxf6 45. Qxg6+ Bg7 46. Rc8+ 1-0

[Event "Copenhagen Chess Challenge 2010"]
[Site "Ballerup"]
[Date "2010.??.??"]
[Round "7"]
[White "Knudsen, Jes West"]
[Black "Reppen, Ellisiv"]
[Result "1-0"]
[WhiteElo "1938"]
[BlackElo "1944"]
[PlyCount "113"]
[EventDate "2010.??.??"]
[EventType "swiss"]
[EventRounds "9"]
[EventCountry "DEN"]

1. e4 e5 2. Bc4 Nf6 3. Nc3 d6 4. f4 Nc6 5. d3 Be7 6. Nf3 O-O 7. f5 Na5 8. Bg5
Nxc4 9. dxc4 c6 10. Qd3 Qc7 11. O-O-O Rd8 12. Bxf6 Bxf6 13. g4 Be7 14. h4 a6
15. g5 b5 16. Rhg1 bxc4 17. Qxc4 Bf8 18. Rg3 a5 19. Nd5 Qb7 20. Ne3 Rb8 21. b3
Qb6 22. Ng4 d5 23. exd5 cxd5 24. Qe2 Bxf5 25. Ne3 Be4 26. Nd2 Ba3+ 27. Kb1 a4
28. Nxe4 dxe4 29. Rf1 Qd4 30. Nc4 axb3 31. cxb3 Bc5 32. Re3 Qd5 33. Rxe4 Bd4
34. Rd1 Qc6 35. Qc2 Rdc8 36. Kc1 Qa6 37. a4 Qe6 38. Rdxd4 Qf5 39. Rd1 Rxb3 40.
Rde1 Rb4 41. a5 Qd7 42. R1e3 g6 43. Rc3 Rcb8 44. Nb6 Qd6 45. Rc6 Qe7 46. Rc7
Qd6 47. Rd7 Qf8 48. Rxe5 Rf4 49. Qc5 Qg7 50. Qc7 Rf8 51. a6 Rf5 52. Rdd5 h6 53.
a7 hxg5 54. a8=Q Rxa8 55. Nxa8 gxh4 56. Qd8+ Kh7 57. Qxh4+ 1-0

[Event "Copenhagen Chess Challenge 2010"]
[Site "Ballerup"]
[Date "2010.??.??"]
[Round "7"]
[White "Petrovski, Petruli"]
[Black "Hauge, Lars Oskar"]
[Result "0-1"]
[WhiteElo "1818"]
[BlackElo "1823"]
[PlyCount "98"]
[EventDate "2010.??.??"]
[EventType "swiss"]
[EventRounds "9"]
[EventCountry "DEN"]

1. e4 c5 2. Nf3 Nc6 3. Bb5 g6 4. O-O Bg7 5. Bxc6 dxc6 6. h3 Nf6 7. d3 O-O 8.
Nc3 b6 9. Be3 Qc7 10. Qc1 e5 11. b3 Nh5 12. Ne2 f5 13. Bh6 fxe4 14. dxe4 Bxh3
15. Bxg7 Qxg7 16. Ng5 Bg4 17. f3 Bc8 18. g4 Nf4 19. Nxf4 Rxf4 20. Nh3 Rf8 21.
Kh2 Ba6 22. c4 Rad8 23. Ng5 Bc8 24. Kg3 h6 25. Nh3 Rd3 26. Kg2 h5 27. Qg5 Qf6
28. Rad1 Rxf3 29. Qxf6 R3xf6 30. Rxf6 Rxf6 31. gxh5 Bxh3+ 32. Kxh3 gxh5 33. Kh4
Rf4+ 34. Kxh5 Rxe4 35. Kg6 Rd4 36. Re1 Rd6+ 37. Kf5 Rd2 38. Rxe5 Rxa2 39. Ke6
Ra3 40. Re3 a5 41. Ke7 a4 42. Rg3+ Kh7 43. Kd6 axb3 44. Rg1 b2 45. Rb1 Rb3 46.
Kxc6 Kg6 47. Kd5 Kf5 48. Rf1+ Kg4 49. Rb1 Kf3 0-1

[Event "Copenhagen Chess Challenge 2010"]
[Site "Ballerup"]
[Date "2010.??.??"]
[Round "7"]
[White "Skovle, Lars"]
[Black "Marshall, Michael"]
[Result "1-0"]
[WhiteElo "1678"]
[BlackElo "1906"]
[PlyCount "119"]
[EventDate "2010.??.??"]
[EventType "swiss"]
[EventRounds "9"]
[EventCountry "DEN"]

1. f4 d5 2. g3 c6 3. Bg2 Nf6 4. d3 Qc7 5. Nf3 Nbd7 6. O-O e6 7. Kh1 Bd6 8. Qe1
e5 9. fxe5 Nxe5 10. Nbd2 Bg4 11. Nxe5 Bxe5 12. c3 O-O-O 13. Qf2 Kb8 14. Nf3
Bxf3 15. Bxf3 h5 16. Be3 b6 17. a4 Rdg8 18. a5 Kb7 19. axb6 axb6 20. Ra4 Ra8
21. Rfa1 Rxa4 22. Rxa4 Rd8 23. Bxb6 Qxb6 24. Rb4 Qxb4 25. cxb4 Bd6 26. Qe1 Re8
27. Qc3 Be5 28. Qb3 Kb6 29. Qc2 Bd6 30. Qb3 Re7 31. Kg2 g6 32. Qc3 Ng4 33. Qd4+
c5 34. bxc5+ Bxc5 35. Qh8 Ne3+ 36. Kh3 Kc6 37. Qa8+ Kd6 38. Qb8+ Kc6 39. Qa8+
Kd6 40. Qa6+ Kc7 41. Qa5+ Kd6 42. b4 Bd4 43. b5 Ra7 44. Qd8+ Rd7 45. Qb8+ Ke7
46. b6 Rd8 47. Qc7+ Rd7 48. Qb8 Rd8 49. Qa7+ Rd7 50. Qa6 Rd6 51. Qb7+ Rd7 52.
Qa8 Rd8 53. Qa7+ Rd7 54. Qa3+ Ke6 55. Qa6 Rd6 56. Qc8+ Ke7 57. b7 Ba7 58. b8=Q
Bxb8 59. Qxb8 Kd7 60. Qa7+ 1-0

[Event "Copenhagen Chess Challenge 2010"]
[Site "Ballerup"]
[Date "2010.??.??"]
[Round "8"]
[White "Brynell, Stellan"]
[Black "Pedersen, Nicolai Vesterbaek"]
[Result "1-0"]
[WhiteElo "2479"]
[BlackElo "2453"]
[PlyCount "77"]
[EventDate "2010.??.??"]
[EventType "swiss"]
[EventRounds "9"]
[EventCountry "DEN"]

1. d4 Nf6 2. Nf3 e6 3. c4 Bb4+ 4. Bd2 c5 5. Bxb4 cxb4 6. e3 O-O 7. Be2 d6 8.
O-O b6 9. Nbd2 Bb7 10. Ne1 Qc7 11. Nd3 a5 12. Bf3 Nbd7 13. a3 bxa3 14. Rxa3 e5
15. Bxb7 Qxb7 16. Qa4 exd4 17. exd4 d5 18. c5 b5 19. Qc2 Nb8 20. Ne5 Nc6 21.
Nxc6 Qxc6 22. Rfa1 a4 23. Nf3 Nd7 24. b3 Rfb8 25. h3 axb3 26. Qxb3 Rxa3 27.
Rxa3 b4 28. Ra7 h6 29. Ne1 Nf6 30. Nd3 Qb5 31. Ra4 Re8 32. Rxb4 Qa5 33. Qa4 Qc7
34. Ne5 Rxe5 35. dxe5 Qxe5 36. Qd1 Qc3 37. Qd4 Qc1+ 38. Kh2 Ne4 39. Qe5 1-0

[Event "Copenhagen Chess Challenge 2010"]
[Site "Ballerup"]
[Date "2010.??.??"]
[Round "8"]
[White "Bromann, Thorbjorn"]
[Black "Semcesen, Daniel"]
[Result "1/2-1/2"]
[WhiteElo "2435"]
[BlackElo "2424"]
[PlyCount "101"]
[EventDate "2010.??.??"]
[EventType "swiss"]
[EventRounds "9"]
[EventCountry "DEN"]

1. e4 e5 2. Nf3 Nf6 3. Nc3 Nc6 4. g3 Bc5 5. Bg2 d6 6. d3 a6 7. Be3 Nd4 8. Bxd4
exd4 9. Ne2 Bg4 10. Qd2 d5 11. Nfxd4 dxe4 12. Nb3 Ba7 13. dxe4 Qxd2+ 14. Nxd2
O-O-O 15. f3 Bd7 16. O-O-O Rhe8 17. Nc3 Ng8 18. Rhe1 f6 19. Nc4 Ne7 20. Ne3 Be6
21. Rxd8+ Rxd8 22. f4 Bd4 23. Ned5 Nxd5 24. exd5 Bxc3 25. Rxe6 Bb4 26. Be4 Rh8
27. c4 a5 28. Kc2 Kd8 29. d6 c6 30. Re7 Re8 31. Rxe8+ Kxe8 32. Bxh7 Bxd6 33.
Kd3 Bc5 34. Ke4 Ke7 35. Bf5 a4 36. g4 a3 37. bxa3 Bxa3 38. Bc8 b5 39. Ba6 b4
40. Kd4 Kd7 41. h4 Bc1 42. f5 Bf4 43. c5 Bg3 44. Kc4 Bxh4 45. Kxb4 Be1+ 46. Kb3
Kc7 47. Bd3 Bd2 48. Kc4 Be3 49. Be4 Bd2 50. Kd4 Bb4 51. Kc4 1/2-1/2

[Event "Copenhagen Chess Challenge 2010"]
[Site "Ballerup"]
[Date "2010.??.??"]
[Round "8"]
[White "Mikkelsen, Nikolaj"]
[Black "Hector, Jonny"]
[Result "1-0"]
[WhiteElo "2388"]
[BlackElo "2582"]
[PlyCount "87"]
[EventDate "2010.??.??"]
[EventType "swiss"]
[EventRounds "9"]
[EventCountry "DEN"]

1. e4 e5 2. Nf3 Nc6 3. Bb5 a6 4. Ba4 Nf6 5. O-O b5 6. Bb3 Bb7 7. d3 Be7 8. Re1
O-O 9. Nbd2 Re8 10. Nf1 Na5 11. Nxe5 Nxb3 12. axb3 d5 13. Nxf7 Kxf7 14. e5 c5
15. Bg5 Ne4 16. Bxe7 Qxe7 17. dxe4 dxe4 18. Qh5+ Kg8 19. Rad1 g6 20. Qh6 Qxe5
21. Rd7 Re7 22. Red1 Bc6 23. R7d6 Be8 24. Ne3 Qxb2 25. Qg5 Rf7 26. Qxc5 Kg7 27.
R6d4 h5 28. Qe5+ Kh7 29. Qxe4 Rc8 30. Rd6 Ra7 31. Qe6 Rca8 32. h4 Bf7 33. Rd7
Qg7 34. Qe7 Rxd7 35. Rxd7 Kg8 36. Qd6 Re8 37. Qxa6 Qc3 38. Qa7 Qe1+ 39. Nf1 Qe6
40. Ne3 Qf6 41. Qd4 Qc6 42. Nd5 Re1+ 43. Kh2 Qxc2 44. Qf6 1-0

[Event "Copenhagen Chess Challenge 2010"]
[Site "Ballerup"]
[Date "2010.??.??"]
[Round "8"]
[White "Westerinen, Heikki"]
[Black "Danielsen, Henrik"]
[Result "1/2-1/2"]
[WhiteElo "2347"]
[BlackElo "2494"]
[PlyCount "147"]
[EventDate "2010.??.??"]
[EventType "swiss"]
[EventRounds "9"]
[EventCountry "DEN"]

1. e4 g6 2. d4 Bg7 3. Nf3 d6 4. Be2 Nf6 5. Nc3 O-O 6. O-O Bg4 7. h3 Bxf3 8.
Bxf3 e5 9. dxe5 dxe5 10. Qxd8 Rxd8 11. Bg5 c6 12. Rfd1 Na6 13. Rxd8+ Rxd8 14.
Rd1 Rxd1+ 15. Bxd1 Nc5 16. f3 a5 17. a3 Nfd7 18. Be3 Bf8 19. Kf2 b5 20. Ke1 Be7
21. Kd2 h5 22. Ne2 Nb6 23. Ke1 Nc4 24. Bc1 a4 25. Nc3 Ne6 26. Be2 Nb6 27. Bd3
h4 28. Na2 Kf8 29. Be3 Nd7 30. Nb4 Bxb4+ 31. axb4 Nf4 32. Bf1 Ke7 33. Kd2 f6
34. c4 bxc4 35. Kc3 Kd6 36. Kxc4 g5 37. Ba7 Ne6 38. Be2 Kc7 39. Be3 Nb6+ 40.
Kc3 Nc8 41. Bc4 Nf4 42. Bf1 Nd6 43. Bc5 Nb5+ 44. Kc4 Kd7 45. Be3 Ne6 46. Be2
Kc7 47. Bf1 Ned4 48. Kd3 Kd6 49. Kc4 a3 50. bxa3 Nxa3+ 51. Kd3 Nab5 52. Kc4 Ne6
53. Bf2 Kd7 54. Be3 Nd6+ 55. Kc3 Nf4 56. Bf2 Ne8 57. b5 cxb5 58. Bxb5+ Ke7 59.
Bf1 Ng7 60. g3 hxg3 61. Bxg3 Ngh5 62. Bf2 Ng6 63. Kd2 Nh4 64. Bc5+ Kf7 65. Ke3
Ng3 66. Bc4+ Kg7 67. Be6 Nh5 68. Bg4 Nf4 69. Ba3 Kf7 70. Bd6 Ke8 71. Kf2 Kf7
72. Ke3 Kg6 73. Kf2 Kf7 74. Ke3 1/2-1/2

[Event "Copenhagen Chess Challenge 2010"]
[Site "Ballerup"]
[Date "2010.??.??"]
[Round "8"]
[White "Matthiesen, Martin"]
[Black "Tikkanen, Hans"]
[Result "0-1"]
[WhiteElo "2290"]
[BlackElo "2465"]
[PlyCount "176"]
[EventDate "2010.??.??"]
[EventType "swiss"]
[EventRounds "9"]
[EventCountry "DEN"]

1. d4 d5 2. c4 c6 3. Nf3 Nf6 4. e3 Bg4 5. Qb3 Qb6 6. Nc3 e6 7. Nh4 Bh5 8. h3 g5
9. Nf3 h6 10. Ne5 Nfd7 11. Nxd7 Nxd7 12. Bd3 Rg8 13. Bd2 Bg6 14. Bxg6 Rxg6 15.
cxd5 Qxb3 16. axb3 exd5 17. Ne2 a6 18. Ng3 Nf6 19. Nf5 h5 20. f3 g4 21. hxg4
hxg4 22. Kf2 Kd7 23. Rae1 Re8 24. Rh8 gxf3 25. gxf3 Bg7 26. Rxe8 Nxe8 27. Rh1
Bf6 28. Bc3 Nd6 29. Nxd6 Kxd6 30. Rh5 Rg8 31. Rh6 Ke6 32. Rh5 Rh8 33. Rxh8 Bxh8
34. Ke2 Kf5 35. Kd3 Bf6 36. Be1 Bd8 37. Bg3 Ke6 38. Bf4 f5 39. Bg3 Be7 40. Bf2
Bd6 41. Bh4 Bf8 42. Bg5 Kf7 43. Bf4 Kg6 44. Bg3 Kh5 45. Ke2 Be7 46. Kd2 Bh4 47.
Bf4 Kg6 48. Be5 Kf7 49. Bf4 Ke6 50. Kd3 Bf6 51. Bc7 c5 52. dxc5 Bxb2 53. e4 Kd7
54. Bg3 fxe4+ 55. fxe4 dxe4+ 56. Kxe4 Kc6 57. Kd3 Kxc5 58. Be1 Ba3 59. Bd2 Kb5
60. Bc3 Bb4 61. Bb2 Be1 62. Ba3 Bf2 63. Kc3 Bc5 64. Bc1 Be7 65. Kb2 Bf6+ 66.
Ka3 Bc3 67. Be3 Kc6 68. Ka2 Kd5 69. Kb1 Ke4 70. Bb6 Kd3 71. Bd8 Bd4 72. Ba5 Bf2
73. Kb2 Bd4+ 74. Kb1 Bc5 75. Kb2 Bd6 76. Kb1 Be5 77. Bb4 b6 78. Be1 Bd4 79. Bb4
Bf2 80. Kb2 Bh4 81. Bd6 Bf6+ 82. Ka2 Kc3 83. Bc7 b5 84. Ba5+ Kc2 85. Bc7 Bc3
86. Bd6 a5 87. Bf8 b4 88. Bd6 a4 0-1

[Event "Copenhagen Chess Challenge 2010"]
[Site "Ballerup"]
[Date "2010.??.??"]
[Round "8"]
[White "Andersen, Mads"]
[Black "Berg, Klaus"]
[Result "1/2-1/2"]
[WhiteElo "2331"]
[BlackElo "2428"]
[PlyCount "27"]
[EventDate "2010.??.??"]
[EventType "swiss"]
[EventRounds "9"]
[EventCountry "DEN"]

1. e4 g6 2. d4 Bg7 3. Nc3 d6 4. f4 Nf6 5. Nf3 O-O 6. Bd3 Na6 7. O-O c5 8. d5
Bg4 9. h3 Bxf3 10. Qxf3 Nb4 11. a3 Nxd3 12. Qxd3 Qd7 13. Re1 e6 14. Bd2 1/2-1/2

[Event "Copenhagen Chess Challenge 2010"]
[Site "Ballerup"]
[Date "2010.??.??"]
[Round "8"]
[White "Teplyi, Igor"]
[Black "Smith, Axel"]
[Result "1-0"]
[WhiteElo "2315"]
[BlackElo "2408"]
[PlyCount "37"]
[EventDate "2010.??.??"]
[EventType "swiss"]
[EventRounds "9"]
[EventCountry "DEN"]

1. d4 e6 2. c4 b6 3. e4 Bb7 4. Bd3 Nc6 5. Ne2 Nb4 6. Nbc3 Nxd3+ 7. Qxd3 Bb4 8.
O-O Ne7 9. d5 O-O 10. a3 Bxc3 11. Nxc3 a5 12. d6 cxd6 13. Qxd6 f5 14. Rd1 Bc6
15. Bg5 Rf7 16. exf5 exf5 17. Re1 Be4 18. f3 Nc8 19. Qd2 1-0